000
00331nam a2200133Ia 4500
008
240624s9999 xx 000 0 und d
041
_a
eng
082
_a
658 KHA
100
_a
KHADPEKAR NIRMALA RAO
245
_a
DESIGN BUSINESS
260
_c
2006
_a
Hyderabad
_b
ICFAI press
300
_a
xii, : 252 : p. : cm. ; 23
365
_c
RS
_b
50
999
_c
6444
_d
6444